| 000 | 01165cam a2200241 4500 | ||
|---|---|---|---|
| 001 | ABS68412 | ||
| 008 | 041117n2004 000 0 eng u | ||
| 035 | _a(Sirsi) u128014 | ||
| 100 | _aWatts, R. | ||
| 245 | 2 | _aA good idea - but... | |
| 260 | _c2004 | ||
| 490 |
_aRICS Building Control _v(153) October 2004, 13-15(3) |
||
| 520 | _aDiscusses whether the UK will be ready in time for the energy performance directive (Directive 2002/91EC), which is due to become effective on 4 January 2006. Looks at the history of the directive and seeks to clarify confusion which has arisen over its implementation. Anticipates problems occurring over the certification of existing larger commercial, industrial and municipal buildings and listed buildings. Highlights worries over the timescale of the implementation, which may lead to punitive fines for the UK, if it is not ready. | ||
| 590 | _aABS | ||
| 590 | _aABS | ||
| 650 | _aENERGY PERFORMANCE | ||
| 650 | _aDIRECTIVE 2002/91/EC | ||
| 650 | _aENERGY CONSERVATION | ||
| 650 | _aENERGY PERFORMANCE | ||
| 650 | _aENERGY SAVING | ||
| 690 | _aBUILDING AND CONSTRUCTION-REGULATION AND CONTROL | ||
| 942 | _n0 | ||
| 999 |
_c118321 _d118321 |
||